Mzdová učtáreň po novom
Postup pri účtovaní mzdy zamestnanca. Vplyv vyplatenia náhrady príjmu pri dočasnej pracovnej neschopnosti zamestnanca na celkovú cenu práce. Uplatňovanie daňového bonusu pri výpočte preddavku na daň za kalendárny mesiac. Aktualizácia výstupov z automatizovaného spracovania miezd.
Enregistré dans:
| Auteur principal: | |
|---|---|
| Format: | Chapitre de livre |
| Langue: | slovaque |
| Sujets: | |
| Tags: |
Pas de tags, Soyez le premier à ajouter un tag!
|
MARC
| LEADER | 00000naa$a2200000$$$4500 | ||
|---|---|---|---|
| 001 | 0007064 | ||
| 005 | 20231106065725.4 | ||
| 041 | 0 | |a slo | |
| 044 | |a SK | ||
| 245 | 1 | 0 | |a Mzdová učtáreň po novom |c aut. Jolana Strýčková |
| 520 | |a Postup pri účtovaní mzdy zamestnanca. Vplyv vyplatenia náhrady príjmu pri dočasnej pracovnej neschopnosti zamestnanca na celkovú cenu práce. Uplatňovanie daňového bonusu pri výpočte preddavku na daň za kalendárny mesiac. Aktualizácia výstupov z automatizovaného spracovania miezd. | ||
| 610 | 2 | 0 | |a učtárne |
| 610 | 2 | 0 | |a účtovanie |
| 610 | 2 | 0 | |a mzdy |
| 610 | 2 | 0 | |a náhrada mzdy |
| 100 | 1 | |a Strýčková, Jolana | |